Представление документа в формате RUSMARC

ПолеНазваниеЗначение
  Тип записи a
  Библиографический уровень m
001 Контрольный номер 624f8972ee9b446c9c00c770b1ed3b60
005 Дата корректировки 20260421153944.1
010 Индекс ISBN __
a ISBN 978-5-9614-3826-0
100 Данные общей обработки __
a Данные общей обработки 20260421d 0rusy0189## ca
101 Язык документа 0_
a Язык текста rus
102 Страна публикации __
a Страна публикации RU
200 Заглавие и сведения об ответственности 1_
a Заглавие Я жираф
f Первые сведения об ответственности Т. Веденеева
210 Выходные данные 1_
a Место издания Москва
c Издательство Альпина Паблишер
d Дата издания 2020
215 Физическое описание __
a Объем 29, [3] с.
c Иллюстрации/тип воспроизводства цв. ил.
686 Индексы других классификаций __
a Классификационный индекс 28.693.36
700 Автор _1
a Фамилия Веденеева
b Имя (инициалы) Т.
g Полное личное имя Татьяна
801 Источник записи _0
a Страна RU
b Организация УОБДЮ
c Дата составления 20260421
g Правила каталогизации RCR
801 Источник записи _1
a Страна RU
b Организация УОБДЮ
c Дата составления 20260421
g Правила каталогизации RCR
830 Общее примечание каталогизатора __
a Текст примечания Д
852 Данные о местонахождении __
i Авторский знак В 26
j Шифр хранения 28.693.3
900 Электронные ресурсы __
a Имя электронного ресурса 593276
901 Тип документа __
t Тип документа m
905 Данные по созданию БЗ __
b Логин пользователя, который создал БЗ imm
909 Создатель записи __
b Дата создания записи 20260421